00694nbc a2200169 a 450000100100000000500170001000800410002702000150006804000250008310000160010824501640012426000720028830000170036050000520037750400730042970000220050200002070520200930011141.0100813s1987 es 0 1 0 spa d a8400066928 aDO-SdBNPbspacBPJMD1 aLivio, Tito10aHistoria de Roma desde la fundación de la ciudad = Ab vrbe condita /cTito Livio ; texto revisado, traducción, introducción y notas por Antonio Fontán. aMadrid :bConsejo Superior de Investigaciones Científicas,c1987. av. ;c22 cm. aLa biblioteca posee en un solo tomo el v. 1 y 2 aIncluye referencias biobliográficas y notas al pie de la páginas1 aFontán, Antonio